|
|
|
|
| LEADER |
00923nam a2200325 4500 |
| 001 |
DLU140164964 |
| 005 |
##20141027 |
| 020 |
# |
# |
|a 9786049306129
|
| 040 |
# |
# |
|a DLU
|b vie
|
| 041 |
# |
# |
|a vie
|
| 044 |
# |
# |
|a vn
|
| 082 |
# |
# |
|a 398.209 597
|b Qua
|
| 245 |
# |
# |
|a Quam tạ - Câu đố Thái Nghệ An /
|c Quán Vi Miên sưu tầm, dịch, giải thích.
|
| 260 |
# |
# |
|a H. :
|b Thời đại,
|c 2013.
|
| 300 |
# |
# |
|a 167 tr. ;
|c 21 cm.
|
| 504 |
# |
# |
|a Tài liệu tham khảo: tr.163.
|
| 650 |
# |
# |
|a Câu đố Thái (Việt Nam).
|
| 650 |
# |
# |
|a Thái (Dân tộc Đông Nam Á)
|z Việt Nam
|z Nghệ An
|x Văn học dân gian.
|
| 700 |
# |
# |
|a Quán Vi Miên,
|e sưu tầm, dịch, giải thích.
|
| 923 |
# |
# |
|a 04/2014
|
| 991 |
# |
# |
|a SH
|
| 992 |
# |
# |
|a 6700
|
| 994 |
# |
# |
|a DLU
|
| 900 |
# |
# |
|a True
|
| 911 |
# |
# |
|a Đào Thị Thu Huyền
|
| 925 |
# |
# |
|a G
|
| 926 |
# |
# |
|a A
|
| 927 |
# |
# |
|a SH
|
| 980 |
# |
# |
|a Thư viện Trường Đại học Đà Lạt
|